Projekt racionalizácie riadenia sústavy knižníc na Slovensku Na základe Programu komplexnej socialistickej racionalizácie jednotnej sústavy knižníc na Slovensku. Rezortná výskumná úloha MK SSR

Saved in:
Bibliographic Details
Main Author: Procházka, Boris
Format: Book
Language:Slovak
Published: Bratislava Ústredná ekonomická knižnica 1975
Edition:1. vyd.
Tags: Add Tag
No Tags, Be the first to tag this record!

MARC

LEADER 00000nam a2200000 4500
001 c031321
005 20221220102541.1
041 0 |a slo 
044 |a SK 
245 1 0 |a Projekt racionalizácie riadenia sústavy knižníc na Slovensku  |b Na základe Programu komplexnej socialistickej racionalizácie jednotnej sústavy knižníc na Slovensku. Rezortná výskumná úloha MK SSR  |c Boris Procházka 
250 |a 1. vyd. 
264 1 |a Bratislava  |b Ústredná ekonomická knižnica  |c 1975 
300 |a 73 s. 
100 1 |a Procházka, Boris